| 000 | 00690nam a2200241 a 4500 | ||
|---|---|---|---|
| 005 | 20140310183436.0 | ||
| 008 | 080201s19uu xx 00 eng d | ||
| 020 | _a0764113992 | ||
| 050 |
_aHD 30.28 _b.D477 2001 |
||
| 100 | _aDeThomas, Arthur R. | ||
| 245 |
_aWriting a convincing business plan / _cArthur R. DeThomas |
||
| 250 | _a2nd ed. | ||
| 260 |
_aU.S.A : _bBarron's Educational Series, _c2001. |
||
| 300 |
_a262 p. : _bill. ; _c20 cm. |
||
| 500 | _aInclude Index. | ||
| 521 | _aBSBA | ||
| 650 | _aBusiness planning. | ||
| 650 | _aBusiness writing. | ||
| 650 | _aGrensing-Pophal, Lin, 1959-. | ||
| 700 | _aGrensing-Pophal, Lin | ||
| 942 |
_cBK _2lcc _kFOR |
||
| 999 |
_c22884 _d22884 |
||